01053 a2200157 4500003000500000005001700005040000900022082001600031100001700047245005500064260004400119300003600163505065700199600001700856650002200873Nust20230202132726.0 cNust a925.397,MAL aMalik, Zahid aDr. A.Q.Khan and the Islamic bomb / cZahid Malik, aHurmat Publication LtdbIslamabadc1992 aiv, 353 pbilluscdigarse24 cm aOverview (Page-1), The Ma From Nowhere (Page-14), Family Background (Page-18), Childhood And Basic Education (Page-38), Migration To Pakistan (Page-44), Employment I Europe (Page-52), Meeting With Mr. Bhutto (Page-58), Kahuta Plant (Page-64), The Story Of The Miracle (Page-73), A Decade Of Munir Atom Bomb (Page-90), Pakistan Energy Commission (Page-100), The Nuclear Program (Page-121), American Policy (Page-138),The Reprocessing Plant (Page-160),Trial Of Holland (Page-183), Clemency Appeal For Mr. Bhutto (Page-204), Kuldip Nayar (Page-227), Pakistan Nuclear (Page-231), Options For Pakistan (Page-248), Interview (Page-258),Tribute (Page-264). aMalik, Zahid aScienth Bigoraphy